Álvaro Siza : (Record no. 352881)

000 -LEADER
fixed length control field 01561 a2200265 4500
003 - CONTROL NUMBER IDENTIFIER
control field OSt
005 - DATE AND TIME OF LATEST TRANSACTION
control field 20180116192349.0
008 - FIXED-LENGTH DATA ELEMENTS--GENERAL INFORMATION
fixed length control field 120531t xxu||||| |||| 00| 0 eng d
010 ## - LIBRARY OF CONGRESS CONTROL NUMBER
LC control number 2010502425
020 ## - INTERNATIONAL STANDARD BOOK NUMBER
International Standard Book Number 9780714849461 (hbk.)
020 ## - INTERNATIONAL STANDARD BOOK NUMBER
International Standard Book Number 0714849464 (hbk.)
035 ## - SYSTEM CONTROL NUMBER
System control number (OCoLC)ocn262432237
040 ## - CATALOGING SOURCE
Transcribing agency 0
082 00 - DEWEY DECIMAL CLASSIFICATION NUMBER
Classification number 720.92
100 1# - MAIN ENTRY--PERSONAL NAME
Personal name Castanheira, Carlos.
9 (RLIN) 3150
245 10 - TITLE STATEMENT
Title Álvaro Siza :
Remainder of title the function of beauty /
Statement of responsibility, etc. Carlos Castanheira.
260 ## - PUBLICATION, DISTRIBUTION, ETC.
Place of publication, distribution, etc. London :
-- New York :
Name of publisher, distributor, etc. Phaidon,
Date of publication, distribution, etc. 2009.
300 ## - PHYSICAL DESCRIPTION
Extent 303 p. :
Other physical details ill. (chiefly col.) ;
Dimensions 30 cm.
500 ## - GENERAL NOTE
General note Includes index.
505 0# - FORMATTED CONTENTS NOTE
Formatted contents note Bouça, Águas Férreas Cooperative -- Bragança Terraces -- Insel-Hombroich Foundation Museum of Architecture -- São Bento Underground Station -- Zaida Building, Patio House -- Iberê Camargo Foundation Museum -- Centre for 'Camilian' studies -- Multipurpose pavilion -- Masterplan for Vila do Conde's coastal road -- Viana do Castelo Municipal Library -- Masterplan for Leça da Palmeira's coastal road -- House in Pego -- House in Mallorca -- Institute of Educational Sciences -- Armanda Passos house and studio -- Centre for Development of New Enterprise -- Ribera-Serrallo Sports Complex -- Adega Mayor Winery -- Anyang Álvaro Siza Hall -- Mimesis Museum -- Quinta do Portal Winery.
600 10 - SUBJECT ADDED ENTRY--PERSONAL NAME
Personal name Siza, Alvaro,
Dates associated with a name 1933-
General subdivision Criticism and interpretation.
9 (RLIN) 3151
700 1# - ADDED ENTRY--PERSONAL NAME
Personal name Siza, Alvaro,
Dates associated with a name 1933-
9 (RLIN) 3152
942 ## - ADDED ENTRY ELEMENTS (KOHA)
Institution code [OBSOLETE] SADA
Koha item type Reference
Call number prefix 720.92 CAS 2009
Source of classification or shelving scheme
Holdings
Withdrawn status Lost status Source of classification or shelving scheme Damaged status Not for loan Permanent Location Current Location Date acquired Total Checkouts Full call number Barcode Date last seen Date last checked out Cost, replacement price Price effective from Koha item type
          School of Art Design and Architecture (SADA) School of Art Design and Architecture (SADA) 04/18/2011 5 REF 720.92 CAS 2009 SADA0000921 02/27/2012 02/22/2012 5415.00 08/05/2011 Reference
© 2023 Central Library, National University of Sciences and Technology. All Rights Reserved.